[Event "LSS No Engine Cup 12 Preliminary 4"]
[Site "LSS email"]
[Date "2009.12.11"]
[Round "?"]
[White "Billion, Paul"]
[Black "Leston, Mauricia"]
[Result "0-1"]
[WhiteElo "1265"]
[BlackElo "1157"]
[PlyCount "78"]
[EventDate "2009.12.12"]
[EventType "tourn (corr)"]
[EventRounds "6"]
[EventCountry "GER"]
[SourceTitle "Corr 2013"]
[Source "ChessBase"]
[SourceDate "2012.11.12"]
[SourceVersion "1"]
[SourceVersionDate "2012.11.12"]
[SourceQuality "1"]

1. d4 Nf6 2. c4 g6 3. Nc3 Bg7 4. Nf3 0-0 5. e4 d6 6. Be3 Ng4 7. Bd2 e5 8. d5 f5 9. Bd3 f4 10. Qb3 Na6 11. Na4 Rb8 12. c5 Nxc5 13. Nxc5 dxc5 14. d6+ Kh8 15. dxc7 Qxc7 16. 0-0 Qe7 17. Bc3 Be6 18. Bc4 Bxc4 19. Qxc4 b5 20. Qe2 b4 21. Bd2 Rbd8 22. a3 Rd7 23. axb4 cxb4 24. b3 Rc8 25. h3 Nh6 26. Ra4 Rc2 27. Rfa1 Rb2 28. Qd1 Qd8 29. Rxb4 Rdxd2 30. Nxd2 Rxd2 31. Qf3 Bf8 32. Rb7 Bc5 33. Raxa7 Bxa7 34. Rxa7 Rd3 35. Qe2 Rxb3 36. Qa2 Qd1+ 37. Kh2 Rb1 38. Ra8+ Kg7 39. Qa7+ Nf7 0-1

[Event "LSS No Engine Cup 12 Preliminary 4"]
[Site "LSS email"]
[Date "2009.12.11"]
[Round "?"]
[White "Leston, Mauricia"]
[Black "Jostov, Keylah"]
[Result "0-1"]
[WhiteElo "1139"]
[BlackElo "1260"]
[PlyCount "51"]
[EventDate "2009.12.12"]
[EventType "tourn (corr)"]
[EventRounds "6"]
[EventCountry "GER"]
[SourceTitle "Corr 2013"]
[Source "ChessBase"]
[SourceDate "2012.11.12"]
[SourceVersion "1"]
[SourceVersionDate "2012.11.12"]
[SourceQuality "1"]

1. c4 Nf6 2. Nc3 g6 3. g3 Bg7 4. Bg2 0-0 5. Nf3 d6 6. 0-0 e5 7. d3 Nc6 8. Rb1 a5 9. a3 h6 10. b4 axb4 11. axb4 Be6 12. b5 Ne7 13. Nd2 Rb8 14. Ba3 Qd7 15. Nb3 Bh3 16. Nd2 Bxg2 17. Kxg2 Nh7 18. Qc2 Ng5 19. Nce4 Qh3+ 20. Kh1 Nxe4 21. Nxe4 f5 22. Nc3 f4 23. Ne4 Nf5 24. b6 c5 25. Bb2 fxg3 26. fxg3 0-1

[Event "LSS No Engine Cup 12 Preliminary 4"]
[Site "LSS email"]
[Date "2009.12.11"]
[Round "?"]
[White "Yangibayev, Rustam"]
[Black "Leston, Mauricia"]
[Result "1-0"]
[WhiteElo "803"]
[BlackElo "1149"]
[PlyCount "55"]
[EventDate "2009.12.12"]
[EventType "tourn (corr)"]
[EventRounds "6"]
[EventCountry "GER"]
[SourceTitle "Corr 2013"]
[Source "ChessBase"]
[SourceDate "2012.11.12"]
[SourceVersion "1"]
[SourceVersionDate "2012.11.12"]
[SourceQuality "1"]

1. d4 Nf6 2. c4 g6 3. Nc3 Bg7 4. Nf3 0-0 5. e4 d6 6. Bg5 h6 7. Be3 c6 8. Be2 Ng4 9. Bf4 e5 10. Be3 Nxe3 11. fxe3 Nd7 12. d5 Nb6 13. 0-0 f5 14. exf5 Bxf5 15. e4 Bc8 16. b3 Rf7 17. h3 Bf8 18. Nh2 Qe7 19. Rc1 Bd7 20. Bg4 Bg7 21. Qe2 Raf8 22. Bxd7 Nxd7 23. Ng4 h5 24. Ne3 Bh6 25. Rcd1 Qh4 26. dxc6 bxc6 27. Rxf7 Rxf7 28. Rxd6 1-0